| 000 | 00856nam a2200229Ia 4500 | ||
|---|---|---|---|
| 001 | 19851 | ||
| 003 | GE_BSU | ||
| 008 | 181216s||||||||xx |||||||||||||| ||und|| | ||
| 040 | _cGE_BSU | ||
| 080 | _a025.5 | ||
| 100 | _aოთეროვა,ა. ფოფხაძე,ქ. | ||
| 245 | _aბიბლიოგრაფიული მუშაობა ბიბლიოთეკაში. სალექციო კურსი | ||
| 245 | _cრედ. ა. ლორია. | ||
| 260 | _aთბილისი | ||
| 260 | _c1996 | ||
| 300 | _a102გვ. | ||
| 541 | _h4ლ.55თ. | ||
| 653 | _aბიბლიოგრაფიული მუშაობა ბიბლიოთეკაში. სალექციო კურსი | ||
| 653 | _aბიბლიოთეკარი | ||
| 653 | _aქსეროქსი | ||
| 942 | _cBK | ||
| 999 |
_c52821 _d52821 |
||